Tafseer Jallalain / (Record no. 35582)
[ view plain ]
| 000 -LEADER | |
|---|---|
| fixed length control field | 00437nam a22001577a 4500 |
| 005 - DATE AND TIME OF LATEST TRANSACTION | |
| control field | 20240423154900.0 |
| 008 - FIXED-LENGTH DATA ELEMENTS--GENERAL INFORMATION | |
| fixed length control field | 240423b |||||||| |||| 00| 0 eng d |
| 082 ## - DEWEY DECIMAL CLASSIFICATION NUMBER | |
| Classification number | 297.1226 |
| Item number | JAL-T |
| 100 ## - MAIN ENTRY--AUTHOR | |
| Author Name | Jalal al-Din al-Mahalli |
| 245 ## - TITLE STATEMENT | |
| Title | Tafseer Jallalain / |
| Statement of responsibility, etc. | Jalal al-Din al-Mahalli |
| 260 ## - PUBLICATION, DISTRIBUTION, ETC. | |
| Place of Publication | Pakistan : |
| Name of publisher, distributor, etc. | Muktabah Rehmaniyn ; |
| 300 ## - PHYSICAL DESCRIPTION | |
| Pages | 591 p. : |
| 500 ## - GENERAL NOTE | |
| General note | Extra long. |
| 650 ## - SUBJECT ADDED ENTRY--TOPICAL TERM | |
| Subject / Department | Literature /Islamic |
| 300 ## - PHYSICAL DESCRIPTION | |
| -- | 36 cm . |
| 952 ## - LOCATION AND ITEM INFORMATION (KOHA) | |
| -- | 0 |
| -- | 0 |
| Lost status | Damaged status | Collection code | Permanent Location | Current Location | Shelving Location | Date acquired | Full Call Number | Accession No./Barcode | Date last seen | item type | Koha item type |
|---|---|---|---|---|---|---|---|---|---|---|---|
| Literature/Urdu/eng/Islamic | Superior Information Resource Center (SIRC) Superior University- Central Library | Superior Information Resource Center (SIRC) Superior University- Central Library | Literature | 04/23/2024 | 297.1226 JAL-T | 29385 | 04/26/2024 | BOOK | BOOK |
